Statistics for Who Won That War?

Click here to take the quiz!

General Stats

  • This quiz has been taken 274 times
  • The average score is 14 of 20

Answer Stats

QuestionAnswer% Correct
World War IIAllied
98%
Chinese Civil WarCommunist Party
97%
Falklands WarUnited Kingdom
90%
Six-Day WarIsreal
86%
Punic WarsRome
85%
Vietnam WarNorth Vietnam
84%
Paraguayan WarBrazil, Argentina and Uruguay
79%
Spanish Civil WarNationalists
76%
Russo-Japanese WarJapan
73%
First Congo WarAFDL and Many African Countries
64%
Crimean WarOttoman, British and French Empires
64%
Franco-Prussian WarPrussia
63%
Peloponnesian WarSparta
63%
Greco-Persian WarsGreek States
61%
War of the PacificChile
60%
First CrusadeCrusaders
60%
Great Northern WarRussia
58%
Wars of the RosesHouse of York
52%
First Anglo-Afghan WarAfghanistan
50%
Hundred Years WarFrance
42%

Score Distribution

Percentile by Number Answered

Percent of People with Each Score

Your Score History

You have not taken this quiz